000 00475 a2200133 4500
001 ART_63635
005 20260410161816.0
008 260409a
245 1 0 _aLa inteligencia artificial (IA) en la enseñanza del derecho. Memoria del II conversatorio sobre innovación en la enseñanza
100 1 _aAlí Pini, Cecilia V.
700 1 _aMarotta, Julieta
700 1 _aParise, Agustín
773 0 _tAcademia
_g- Año 22, N° 44 (jul./dic. 2024)
_wREV4314
999 _c21927
_d21927